000 01167nam a22002535i 4500
001 166504
003 ES-MaACL
005 20260209164514.0
008 010920s1885 sp ab |||| | spa d
080 _a325.3(6)"18"
080 _a341.222(6)"18"
100 1 _aTorres Campos, Rafael,
_d1853-1904
_9110935
245 1 3 _aLa cuestión de los ríos africanos y la Conferencia de Berlín
_b: conferencia pronunciada en la Sociedad Geográfica de Madrid /
_cpor Rafael Torres Campos.
260 _aMadrid :
_b[s.n.],
_c1885 (
_fImp. de la Revista de Legislación, a cargo de M. Ramos)
300 _a63 p., [1] h. pleg. de mapa ;
_c21 cm.
530 _aDisponible en formato digital.
599 _aLa h. de mapa: "Gº por J. Pajares", al final del texto.
611 2 4 _aConferencia de Berlín.
_d1884-1885)
_9145959
651 7 _aÁfrica-
_xColonización-
_yS.XIX
_2
_9145960
710 2 _aSociedad Geográfica de Madrid.
_96775
852 _aES-MaACL
_jT-367-F-18
_z- Enc. hol., falto de cub. original
_z- Enc. en un vol. facticio
856 _uhttp://bdh-rd.bne.es/viewer.vm?id=0000108694&page=1
_zBiblioteca Digital Hispánica
999 _c166504
_d166504